Going underground (Record no. 84710)

MARC details
000 -LEADER
fixed length control field 01008cab a22001935a 4500
001 - CONTROL NUMBER
control field L158814
008 - FIXED-LENGTH DATA ELEMENTS--GENERAL INFORMATION
fixed length control field 150729e20150711xxk 000 0 eng d
035 ## - SYSTEM CONTROL NUMBER
System control number (Sirsi) u158814
041 0# - LANGUAGE CODE
Language code of text/sound track or separate title eng
245 00 - TITLE STATEMENT
Title Going underground
260 ## - PUBLICATION, DISTRIBUTION, ETC.
Date of publication, distribution, etc. 2015
490 ## - SERIES STATEMENT
Series statement Estates Gazette
Volume/sequential designation (1527) 11 July 2015, 81(1)
520 ## - SUMMARY, ETC.
Summary, etc. Reports on the recent case "Kensington and Chelsea Royal Borough Council v Secretary of State for Communities and Local Government" which provides some welcome clarity to permitted development rights involving constructing or enlarging basements. Ruled that permitted development rights can apply to below-ground development. These rights may not apply in certain circumstances where 'the enlarged part of the dwellinghouse would have been more than one storey'.
590 ## - LOCAL NOTE (RLIN)
Local note KA
650 24 - SUBJECT ADDED ENTRY--TOPICAL TERM
Topical term or geographic name entry element Kensington and Chelsea Royal Borough Council v Secretary of State for Communities and Local Government
651 #4 - SUBJECT ADDED ENTRY--GEOGRAPHIC NAME
Geographic name United Kingdom
690 ## - LOCAL SUBJECT ADDED ENTRY--TOPICAL TERM (OCLC, RLIN)
Topical term or geographic name as entry element Planning and development
9 (RLIN) 6259
942 ## - ADDED ENTRY ELEMENTS (KOHA)
Suppress in OPAC 0
Holdings
Withdrawn status Lost status Source of classification or shelving scheme Damaged status Not for loan Home library Current library Shelving location Date acquired Total Checkouts Full call number Barcode Date last seen Copy number Price effective from Koha item type
    Dewey Decimal Classification     London London Journal article 29/07/2015   L158814 158814-1001 06/08/2019 1 06/08/2019 Journal article